000 03131nam0a2200433 4500
001 RU\NLR\BIBL_A\012799833
005 20250624162719.0
010 _a978-5-907532-14-4
_bAcademic Studies Press
010 _a978-1-6446981-1-2
_bБиблиороссика
_9500
021 _aRU
_b2022-10160
_9КН-П-845
035 _a(RuMoRGB)010983894
035 _a(NLR Aleph) 012799833
090 _a13179492
_c13179492
100 _a20220525d2022 |||y0rusy50 ca
101 1 _arus
102 _aRU
105 _ay|||z|||001zy
181 0 _ai
_baxxe
182 0 _an
200 1 _aРусско-японская война и ее влияние на ход истории в XX веке
_fФранк Якоб
_gперевод с английского М. Черенцевой
203 _aТекст
_bвизуальный
_cнепосредственный
210 _aСанкт-Петербург
_cБиблиороссика
_aБостон
_cAcademic Studies Press
_d2022
215 _a237, [2] с.
_d22
225 1 _aСовременная западная русистика
300 _aПеревод изд.: The Russo-Japanese war and its shaping of the twentieth century / Frank Jakob. - London ; New York : Routledge, 2018
320 _aБиблиогр.: с. 202-227
320 _aПредм.-имен. указ.: с. 228-237
320 _aДр. произведения авт. на 4-й с. обл.
330 _aВойна России с Японией стала одним из самых громких событий fin de si?cle, рубежом, с которого начался настоящий, а не календарный XX век. В книге исследователя Франка Якоба <Русско-японская война и ее влияние на ход истории в XX веке> небольшой, казалось бы, региональный конфликт на Дальнем Востоке предстает эдаким взмахом крыла бабочки, который повлиял на весь глобальный мир и открыл прямую дорогу к Сараево и ко всем последующим потрясениям столетия. Военное дело, экономика, культура, революции и контрреволюции: как убедительно показывает Якоб, ниточки <от нулевой мировой войны> протянулись повсюду
333 _a12+
454 0 _12001#$aThe Russo-Japanese war and its shaping of the twentieth century$fFrank Jakob
_1210##$aLondon$aNew York$cRoutledge$d2018
_1700#1$aJakob$bF.$gFrank
_tThe Russo-Japanese war and its shaping of the twentieth century
_aJakob, Frank
606 1 _aРусско-японская война
_xПоследствия
_z1904 - 1905
_92529279
_3RU\NLR\AUTH\661498241
686 1 _aТ3(2)521-68
686 1 _aЦ35(2)521
700 1 _aЯкоб
_bФ.
_gФранк
942 _cBOOK
980 _aNB